000 00283nam a22001337a 4500
008 181121b xxu||||| |||| 00| 0 eng d
020 _a9780495014492
041 _aeng
080 _28 TH
_a541
100 _a12
101 _aKIM
245 _aChemistry
_cDavis.W
942 _2udc
_cBK
999 _c52265
_d52265